Outstanding Comedies, No Wins (Emmy Awards) Quiz Stats

 Plays Quiz Updated Jul 12, 2018

Score 0/26 Timer 06:00
0 Plays Today
Years Show % Correct
2006-2008Two and a Half Men
93.8%
1992-1994Home Improvement
91.2%
2011-2014The Big Bang Theory
89.1%
1961-1962, 1967The Andy Griffith Show
81.5%
2002-2004, 2006, 2008, 2010, 2012, 2018Curb Your Enthusiasm
80.1%
1984-1987Family Ties
76.3%
1994-1997Mad About You
72.3%
2007-2009Entourage
71.8%
2013-2015Louie
67.9%
2016-2018Black-ish
65.6%
1985, 1987-1988Night Court
63.7%
1966-1969Bewitched
62.7%
1971-1972, 1974The Odd Couple
59.6%
Years Show % Correct
1989-1991Designing Women
58%
1993-1998The Larry Sanders Show
52.1%
2015-2018Unbreakable Kimmy Schmidt
51.6%
1966-1968Hogan's Heroes
48.3%
1980-1982WKRP in Cincinnati
47.4%
1952-1955The George Burns and Gracie Allen Show
42.7%
1978, 1980-1981Soap
40.9%
1957-1960Father Knows Best
32.8%
2014-2018Silicon Valley
31.8%
1984-1986Kate & Allie
31.5%
1953-1955Our Miss Brooks
20.3%
1956, 1958-1959The Bob Cummings Show
14.3%
1953-1955Mr. Peepers
12.9%

You're not logged in!

Compare scores with friends on all Sporcle quizzes.
OR
Log In

You Might Also Like...

Show Comments

Extras

Top Quizzes Today


Score Distribution

Your Account Isn't Verified!

In order to create a playlist on Sporcle, you need to verify the email address you used during registration. Go to your Sporcle Settings to finish the process.

Report this User

Report this user for behavior that violates our Community Guidelines.

Details: